000 00721 a2200157 4500
003 Nust
005 20170207154214.0
040 _cNust
082 _a378.4
245 _aThe national college for food, land and environmental studies-prospectus 2000
_cSAC
260 _aEdinburgh
_bSAC
_c2000
300 _a80 p.
505 _aIntroduction (Page-1) Making Choices Course Index (Page-2) More than a College (Page-4) Studying at Sac (Page-9) Student Services (Page-10)Quality Assurance (Page-12) Equipping you for a career (Page-13) How to Apply (Page-24) Course Listings (Page-32) Postgraduate Study (Page-77) Help and Advice (Page-78) Enquiry Form (Page-79)
538 _aAlmirah No. 117 shelf No. 1
650 _aProspectus 2000
942 _2ddc
_cBK
999 _c195026
_d195026